|
|
|
|
| LEADER |
00630npc a2200181 i 4500 |
| 001 |
eta2619 |
| 005 |
20200319134320.0 |
| 008 |
200319suuuu hu o 0|| hun d |
| 040 |
|
|
|a SZTE Elektronikus Tananyag Archívum
|b hun
|
| 041 |
|
|
|a hun
|
| 100 |
1 |
|
|a Borbényi Zita
|
| 245 |
1 |
0 |
|a Haematológiai betegségek és őssejtterápia
|h [elektronikus dokumentum] :
|b follicularis lymphoma (FL) /
|c Borbényi Zita
|
| 650 |
|
4 |
|a Orvos- és egészségtudomány
|
| 650 |
|
4 |
|a Klinikai orvostan
|
| 650 |
|
4 |
|a Onkológia
|
| 650 |
|
4 |
|a Hematológia
|
| 650 |
|
4 |
|a Hematológia
|
| 856 |
4 |
0 |
|u https://eta.bibl.u-szeged.hu/2619/2/3/index.html
|z Dokumentum-elérés
|